WCW Hardcore Champions - Statistics

General Stats
  • This quiz has been taken 462 times
    248 since last reset
  • The average score is 6 of 14
Answer Stats
Title Reigns Last Won Champion % Correct
2 2000 Norman Smiley
76%
3 2000 Terry Funk
75%
3 2000 Brian Knobbs
72%
1 2000 Bam Bam Bigelow
57%
1 2001 Meng
52%
1 2000 Lance Storm
47%
1 2000 3 Count (Shane Helms, Shannon Moore & Evan Karagias)
44%
1 2000 Crowbar
44%
2 2000 Big Vito
38%
1 2000 Eric Bischoff
32%
1 2000 Johnny The Bull
31%
1 2000 Shane Douglas
27%
1 2000 Reno
26%
1 2000 Carl Ouellet
14%
No matching quizzes found
Score Distribution
Percent of People with Each Score
Percentile by Number Answered
Your Score History
You have not taken this quiz since the last reset